000 00192 a2200097 4500
001 41766
100 _aMichoner J A
245 _aPoland
260 _a
_bCorgi Book
_c
090 _c25878
_d25878
942 _aNUST-CAE
_cM
_c17644
999 _c276839
_d276839